[Event "Rome Elo op 5th"]
[Site "Rome"]
[Date "2009.10.14"]
[Round "4"]
[White "Castelfranchi, Carlo"]
[Black "Sermoneta, Eugenio"]
[Result "1-0"]
[WhiteElo "2115"]
[BlackElo "1748"]
[PlyCount "75"]
[EventDate "2009.09.16"]
[EventType "swiss"]
[EventRounds "5"]
[EventCountry "ITA"]
[SourceTitle "EXT 2012"]
[Source "ChessBase"]
[SourceDate "2011.11.24"]
[SourceVersion "1"]
[SourceVersionDate "2011.11.24"]
[SourceQuality "1"]

1. e4 Nf6 2. e5 Nd5 3. d4 d6 4. Nf3 Bg4 5. Be2 e6 6. 0-0 Nd7 7. c4 N5b6 8. exd6 cxd6 9. b3 Be7 10. Nc3 0-0 11. h3 Bh5 12. Be3 a6 13. Rc1 Rc8 14. Qd2 Nf6 15. Rfd1 d5 16. c5 Nbd7 17. b4 Ne4 18. Nxe4 dxe4 19. Ne5 Bxe2 20. Qxe2 Nf6 21. b5 axb5 22. Qxb5 Qd5 23. Nc4 Qc6 24. Rb1 Rfd8 25. Rdc1 Qxb5 26. Rxb5 Nd5 27. Rxb7 Ra8 28. Rc2 f5 29. Nb6 Nxb6 30. cxb6 Bf6 31. Rbc7 h6 32. b7 Rab8 33. a4 Kh7 34. a5 Bxd4 35. Bxd4 Rxd4 36. a6 Rb4 37. a7 R4xb7 38. Rxb7 1-0

[Event "Rome Elo op 4th"]
[Site "Rome"]
[Date "2009.06.17"]
[Round "7"]
[White "Sermoneta, Eugenio"]
[Black "Salvo, Ivano"]
[Result "1/2-1/2"]
[WhiteElo "1780"]
[BlackElo "1518"]
[PlyCount "106"]
[EventDate "2009.05.06"]
[EventType "swiss"]
[EventRounds "7"]
[EventCountry "ITA"]
[SourceTitle "EXT 2011"]
[Source "ChessBase"]
[SourceDate "2010.11.26"]
[SourceVersion "1"]
[SourceVersionDate "2010.11.26"]
[SourceQuality "1"]

1. d4 Nf6 2. Bf4 g6 3. Nf3 Bg7 4. h3 c5 5. c3 0-0 6. Nbd2 d6 7. e3 Be6 8. Bd3 Nc6 9. 0-0 Qb6 10. Qc2 Rac8 11. dxc5 Qxc5 12. a3 Nd5 13. Bg3 b5 14. Nb3 Qb6 15. e4 Ne3 16. fxe3 Bxb3 17. Qe2 a6 18. Nd4 Na5 19. Nxb3 Nxb3 20. Rad1 Nc5 21. Bb1 Nd7 22. Rf3 Ne5 23. Bxe5 Bxe5 24. Ba2 e6 25. Rdf1 Kg7 26. Qf2 Qb7 27. Bxe6 Rc7 28. Bd5 Qa7 29. g4 h6 30. h4 g5 31. hxg5 hxg5 32. Rf5 Kg6 33. Kg2 f6 34. Rh1 Rh7 35. Rxg5+ fxg5 36. Qxf8 Rxh1 37. Kxh1 Qh7+ 38. Kg1 Qh2+ 39. Kf1 Qh3+ 40. Ke2 Qxg4+ 41. Qf3 Qxf3+ 42. Kxf3 Kh5 43. Be6 Kg6 44. Ke2 Kf6 45. Bg4 Ke7 46. Kd3 a5 47. b3 Kd8 48. c4 bxc4+ 49. Kxc4 Kc7 50. b4 axb4 51. axb4 Kb6 52. b5 Bh2 53. Bd7 Kc7 1/2-1/2

[Event "Rome Elo op 4th"]
[Site "Rome"]
[Date "2009.06.03"]
[Round "5"]
[White "Sermoneta, Eugenio"]
[Black "Gatta, Flavio"]
[Result "1-0"]
[WhiteElo "1780"]
[BlackElo "1757"]
[PlyCount "49"]
[EventDate "2009.05.06"]
[EventType "swiss"]
[EventRounds "7"]
[EventCountry "ITA"]
[SourceTitle "EXT 2011"]
[Source "ChessBase"]
[SourceDate "2010.11.26"]
[SourceVersion "1"]
[SourceVersionDate "2010.11.26"]
[SourceQuality "1"]

1. e4 Nf6 2. Nc3 d5 3. exd5 Nxd5 4. Bc4 Nxc3 5. bxc3 e6 6. Nf3 Nd7 7. d4 c6 8. Bf4 Be7 9. 0-0 Nb6 10. Bd3 Nd5 11. Bd2 Qc7 12. Ne5 Nf6 13. f4 b6 14. Qe2 Bd6 15. f5 0-0 16. fxe6 fxe6 17. Rae1 c5 18. Bg5 c4 19. Bxc4 Nd5 20. Rxf8+ Bxf8 21. Rf1 Nxc3 22. Rxf8+ Kxf8 23. Qf3+ Kg8 24. Qxa8 h6 25. Bxe6+ 1-0

[Event "Rome Elo op 2nd"]
[Site "Rome"]
[Date "2009.02.25"]
[Round "7"]
[White "Sermoneta, Eugenio"]
[Black "De Lisa, Carmine"]
[Result "1-0"]
[WhiteElo "1784"]
[BlackElo "1734"]
[PlyCount "55"]
[EventDate "2009.01.14"]
[EventType "swiss"]
[EventRounds "7"]
[EventCountry "ITA"]
[SourceTitle "EXT 2011"]
[Source "ChessBase"]
[SourceDate "2010.11.26"]
[SourceVersion "1"]
[SourceVersionDate "2010.11.26"]
[SourceQuality "1"]

1. c4 e5 2. Nc3 Nf6 3. Nf3 d6 4. g3 Be7 5. Bg2 0-0 6. d4 exd4 7. Nxd4 c6 8. e4 Re8 9. 0-0 Nbd7 10. Nf5 Ne5 11. Nxe7+ Qxe7 12. b3 Bg4 13. f3 Bh5 14. h3 c5 15. g4 Bg6 16. f4 Nexg4 17. hxg4 Nxe4 18. Nxe4 Bxe4 19. Re1 Qh4 20. Rxe4 Qg3 21. Qe2 Kf8 22. Bd2 Rxe4 23. Qxe4 Re8 24. Qf3 Qh4 25. Rd1 Re6 26. f5 Re7 27. Qh3 Qf6 28. Bf4 1-0

[Event "Rome Elo op 2nd"]
[Site "Rome"]
[Date "2009.01.28"]
[Round "3"]
[White "Pala, Giorgio"]
[Black "Sermoneta, Eugenio"]
[Result "1-0"]
[WhiteElo "1962"]
[BlackElo "1784"]
[PlyCount "97"]
[EventDate "2009.01.14"]
[EventType "swiss"]
[EventRounds "7"]
[EventCountry "ITA"]
[SourceTitle "EXT 2011"]
[Source "ChessBase"]
[SourceDate "2010.11.26"]
[SourceVersion "1"]
[SourceVersionDate "2010.11.26"]
[SourceQuality "1"]

1. e4 Nf6 2. e5 Nd5 3. d4 d6 4. c4 Nb6 5. exd6 exd6 6. Nc3 Bf5 7. Qf3 Qe7+ 8. Be3 Bc8 9. c5 N6d7 10. Nd5 Qd8 11. Qe4+ Be7 12. cxd6 cxd6 13. Bd3 Nf6 14. Nxf6+ gxf6 15. Ne2 d5 16. Qf3 Bb4+ 17. Nc3 Nc6 18. 0-0 Be6 19. Rac1 a6 20. a3 Be7 21. Na4 h5 22. Nc5 Bg4 23. Qg3 Bxc5 24. Rxc5 Ne7 25. Bf4 Be6 26. Qg7 Rg8 27. Qxf6 Rc8 28. Bg5 Rxc5 29. dxc5 Kd7 30. Re1 Nc6 31. Rxe6 fxe6 32. Qf7+ Ne7 33. Bxe7 Qe8 34. Qxe8+ Rxe8 35. Bd6 e5 36. Bg6 Rg8 37. Bxh5 a5 38. Bf7 Rg5 39. Bxd5 b6 40. h4 Rg4 41. Bxe5 bxc5 42. g3 a4 43. Kg2 Ke7 44. f4 Rg6 45. h5 Rb6 46. g4 Ra6 47. g5 c4 48. h6 Ra5 49. Bg8 1-0